Geography Quiz

Random Geography or State Quiz

'K' States Blitz Quiz Stats

 Plays Quiz Updated Sep 20, 2017

Also try: 'D' States Blitz
Challenge
Share
Tweet
Embed
Score 0/9 Timer 01:00
5 Plays Today
% Correct
Kansas
95.8%
Kentucky
92%
Arkansas
83.8%
North Dakota
78.5%
South Dakota
77.9%
Alaska
73.9%
New York
63.4%
Oklahoma
62.1%
Nebraska
54.7%

You're not logged in!

Compare scores with friends on all Sporcle quizzes.
Join for Free
OR
Log In

You Might Also Like...

Show Comments

Extras

Top Quizzes Today


Score Distribution

Your Account Isn't Verified!

In order to create a playlist on Sporcle, you need to verify the email address you used during registration. Go to your Sporcle Settings to finish the process.

Report this User

Report this user for behavior that violates our Community Guidelines.

Details: